[Event "5th POL-HUN Open 2017"]
[Site "Katowice POL"]
[Date "2017.05.21"]
[Round "8.15"]
[White "Kubica,K"]
[Black "Budrewicz,K"]
[Result "0-1"]
[WhiteElo "2132"]
[BlackElo "2190"]

1.d4 Nf6 2.Nf3 g6 3.c4 Bg7 4.Nc3 O-O 5.e4 d6 6.Bd3 Bg4 7.h3 Bxf3 8.Qxf3 Nc6
9.Be3 e5 10.d5 Nd4 11.Qd1 c5 12.Qd2 a6 13.Ne2 Nd7 14.O-O f5 15.f4 Qe7 16.fxe5
Nxe2+ 17.Bxe2 Qxe5 18.exf5 Rae8 19.Rf3 Rxf5 20.Raf1 Rxf3 21.Rxf3 Qxb2 22.Qxb2
Bxb2 23.Kf2 Ne5 24.Rg3 Bd4 25.Bxd4 cxd4 26.Rb3 Re7 27.Rb6 Rd7 28.Ke1 h5 29.Kd2
Kf8 30.g4 h4 31.Rb1 Ke7 32.Re1 Rc7 33.Bd3 Kf6 34.Re4 Kg5 35.Ke2 Rf7 36.Rxd4 b6
37.Re4 Rf4 38.Re3 Rd4 39.a4 a5 40.Re4 Rxe4+ 41.Bxe4 Nxc4 42.Bc2 Kf4 43.Bxg6
Ne5 44.Bf5 Nf3 45.Kd3 Ng5 46.Kc4 Nxh3 47.Kb5 Nf2 48.Kxb6 h3 49.Kxa5 h2 50.Kb6
h1=Q 51.Kc6 Qa1 52.Kxd6 Qxa4 53.Ke6 Qe8+ 54.Kd6 Qd8+ 55.Ke6 Ne4 56.Bxe4 Kxe4
57.d6 Kf4 58.Kf7 Qxd6 59.Kg7 Kxg4 60.Kh7 Kg5 61.Kh8 Qc7 {#R} 0-1

[Event "5th POL-HUN Open 2017"]
[Site "Katowice POL"]
[Date "2017.05.21"]
[Round "8.17"]
[White "Dziodzio,A"]
[Black "Pinkas,K"]
[Result "1-0"]
[WhiteElo "2080"]
[BlackElo "2196"]

1.e4 e5 2.d4 exd4 3.Qxd4 Nc6 4.Qe3 Nf6 5.Nc3 Bb4 6.Bd2 O-O 7.O-O-O Re8 8.Bc4
d6 9.h3 a5 10.f4 Bf5 11.Bd3 Bxc3 12.Bxc3 Nd5 13.Qf3 Nxc3 14.bxc3 Be6 15.a4 Qf6
16.Ne2 Rad8 17.Bb5 Bd7 18.Rhf1 Qe7 19.Ng3 Na7 20.Bc4 d5 21.exd5 Qa3+ 22.Kd2
Qxa4 23.Bd3 Qa3 24.Ra1 Qc5 25.Ne4 Rxe4 26.Qxe4 f5 27.Qd4 Qxd4 28.cxd4 a4 29.c4
Nc8 30.c5 Ne7 31.Bc4 Kf8 32.Rfb1 Be8 33.Rxb7 Nxd5 34.Bxd5 Rxd5 35.Kc3 {#r} 1-0

[Event "5th POL-HUN Open 2017"]
[Site "Katowice POL"]
[Date "2017.05.21"]
[Round "8.19"]
[White "Rak,T"]
[Black "Kumala,A"]
[Result "0-1"]
[WhiteElo "2055"]
[BlackElo "2224"]

1.Nf3 d5 2.d4 Nf6 3.Bf4 c5 4.e3 Nc6 5.Nbd2 e6 6.c3 Be7 7.Bd3 Nd7 8.Ne5 Ncxe5
9.dxe5 a6 10.Nf3 b5 11.Qe2 Bb7 12.h4 c4 13.Bc2 Nc5 14.h5 h6 15.Nd4 Qb6 16.a3
a5 17.O-O a4 18.Qg4 Bf8 19.Bg3 O-O-O 20.Bh4 Re8 21.f4 Nd7 22.Bg3 f5 23.exf6
Nxf6 24.Qg6 Bd6 25.Rae1 Kb8 26.Kh1 Ka7 27.Bh2 Ka6 28.Rf3 Qc7 29.Rh3 Bc8 30.Rh4
Bb7 31.Rh3 Qd7 32.Rf1 Re7 33.Rh4 Rhe8 34.Kg1 Rf7 35.Rf3 Ree7 36.Bg3 Qc7 37.Kh1
Bc8 38.Kg1 Qd7 39.Kh1 Ne8 40.Bd1 Bc5 41.Be2 Nd6 42.Qc2 Ne4 43.Be1 e5 44.fxe5
Rxe5 45.Rxf7 Qxf7 46.Bf3 Ng5 47.Bf2 Kb6 48.Qe2 Qf6 49.Bg3 Nxf3 50.gxf3 Rg5
51.Kh2 Rxg3 52.Kxg3 Qg5+ 53.Rg4 Qxh5 {#R} 0-1

[Event "5th POL-HUN Open 2017"]
[Site "Katowice POL"]
[Date "2017.05.21"]
[Round "8.21"]
[White "Janiszewski,M"]
[Black "Piesik,P"]
[Result "0-1"]
[WhiteElo "2097"]
[BlackElo "2337"]

1.Nf3 g6 2.c4 Bg7 3.g3 c6 4.d4 Nf6 5.Nc3 d5 6.Bg2 O-O 7.O-O dxc4 8.Ne5 Ng4
9.f4 Nxe5 10.fxe5 c5 11.e3 Nc6 12.Bxc6 bxc6 13.Ne4 cxd4 14.exd4 Bf5 15.Nc5 Rb8
16.g4 Bd3 17.Nxd3 cxd3 18.Rf4 Qd5 19.Qa4 Rb7 20.h4 Rd8 21.b3 Bxe5 22.dxe5 Qxe5
23.Rb1 Qe1+ 24.Rf1 Qg3+ 25.Kh1 d2 26.Qc4 Qh3+ 27.Kg1 Qxf1+ {#R} 0-1

[Event "5th POL-HUN Open 2017"]
[Site "Katowice POL"]
[Date "2017.05.21"]
[Round "8.23"]
[White "Dors,R"]
[Black "Talik,Patryk"]
[Result "1-0"]
[WhiteElo "2154"]
[BlackElo "2051"]

1.Nf3 Nf6 2.c4 e6 3.g3 d5 4.Bg2 Be7 5.O-O O-O 6.b3 b6 7.Bb2 Bb7 8.e3 c5 9.Nc3
Nbd7 10.d3 a6 11.Qe2 Qc7 12.Rac1 Rfe8 13.Rfd1 Rad8 14.cxd5 exd5 15.d4 Qd6
16.Bh3 Bf8 17.Na4 c4 18.Rc2 b5 19.Nc5 Bc8 20.b4 g6 21.Ne5 Bg7 22.Qf3 Qe7
23.Nc6 Qd6 24.Nxd8 Rxd8 25.a3 Re8 26.Re2 Qe7 27.Kg2 Ne4 28.Qf4 g5 29.Qc7 Ndxc5
30.Qxe7 Bxh3+ 31.Kxh3 Rxe7 32.bxc5 a5 33.f3 Nf6 34.Bc3 a4 35.Rb1 Nd7 36.Rxb5
h5 37.Rb7 g4+ 38.Kh4 Bf6+ 39.Kxh5 gxf3 40.Rf2 Rxe3 41.Bd2 Re7 42.Bg5 Bxg5
43.Kxg5 f6+ 44.Kf5 Kf7 45.c6 Nf8 46.Rxf3 Ne6 47.Rxe7+ Kxe7 48.Re3 c3 49.Rxe6+
Kd8 50.Re3 {#r} 1-0

[Event "5th POL-HUN Open 2017"]
[Site "Katowice POL"]
[Date "2017.05.21"]
[Round "8.26"]
[White "Klepek,Witold"]
[Black "Kaczmarek,Ale"]
[Result "1-0"]
[WhiteElo "2111"]
[BlackElo "2363"]

1.e4 c6 2.Ne2 d5 3.e5 g6 4.d4 Bg7 5.Be3 f6 6.f4 Nh6 7.Ng3 O-O 8.Be2 fxe5
9.dxe5 c5 10.O-O d4 11.Bc4+ Kh8 12.Bc1 a6 13.a4 Nd7 14.Nd2 Nb6 15.a5 Nd5
16.Nde4 Ng4 17.Bxd5 Qxd5 18.h3 Nh6 19.b3 Nf5 20.Qe2 Nxg3 21.Nxg3 Bd7 22.Qe4
Qe6 23.Re1 Bc6 24.Qe2 Rf7 25.Qc4 Qxc4 26.bxc4 Bh6 27.Ne4 Bxf4 28.Bxf4 Rxf4
29.Nxc5 Rf5 30.Rab1 Rb8 31.Rbd1 b6 32.Nxa6 Rbf8 33.Nb4 Ba8 34.Re2 bxa5 35.Nd5
a4 36.Ra1 a3 37.Rxa3 Rf1+ 38.Kh2 Rb1 39.Rd3 Rff1 40.Rxd4 h5 41.Nxe7 Kg7 42.Nd5
g5 43.Kg3 h4+ 44.Kg4 Kh6 45.Ne3 Rbd1 46.Nxd1 Kg6 47.Rd6+ {#r} 1-0

[Event "5th POL-HUN Open 2017"]
[Site "Katowice POL"]
[Date "2017.05.21"]
[Round "8.27"]
[White "Baum,Jonasz"]
[Black "Kowalczyk,Mariu"]
[Result "0-1"]
[WhiteElo "2085"]
[BlackElo "2038"]

1.e4 e5 2.Nf3 d6 3.d4 Nd7 4.Bc4 Be7 5.O-O c6 6.c3 Ngf6 7.Qb3 O-O 8.Ng5 d5
9.exd5 cxd5 10.Be2 e4 11.f3 h6 12.Nh3 Nb6 13.Nf2 Bf5 14.fxe4 dxe4 15.Be3 Nfd5
16.c4 Nxe3 17.Qxe3 Bg5 18.Qc3 Qd7 19.Na3 Rac8 20.Qa5 Bg6 21.Rad1 Qa4 22.Qb5
Qxb5 23.Nxb5 Nxc4 24.Nxa7 Nxb2 25.Nxc8 Nxd1 26.Rxd1 Rxc8 27.d5 f5 28.d6 Kf8
29.d7 Rd8 30.Bb5 Ke7 31.g3 Bf7 32.h4 Be3 33.a4 Be6 34.Re1 Bxf2+ 35.Kxf2 Bxd7
36.Rb1 Kf6 37.Ke3 Bxb5 38.Rxb5 Rd3+ 39.Kf2 Rf3+ 40.Kg2 Ra3 41.Rb6+ Ke5 42.Rxb7
Rxa4 43.Rxg7 Kd4 44.Rf7 Ra5 45.Rf6 Ke3 46.Rxh6 Ra2+ 47.Kh3 Kf2 48.Rf6 Ra5
49.g4 e3 50.gxf5 e2 51.Re6 Ra3+ 52.Kg4 Re3 53.Rxe3 Kxe3 54.f6 e1=Q 55.Kf5 Qxh4
56.Kg6 Qh8 57.Kf7 Kf4 58.Ke7 Ke5 59.f7 Qg7 60.Ke8 Ke6 61.f8=N+ Kd6 62.Ng6
Qxg6+ 63.Kf8 Qh7 64.Ke8 Qg8# 0-1

[Event "5th POL-HUN Open 2017"]
[Site "Katowice POL"]
[Date "2017.05.21"]
[Round "8.30"]
[White "Szczurek,Krzysztof"]
[Black "Jelonek,M"]
[Result "1-0"]
[WhiteElo "2068"]
[BlackElo "2095"]

1.e4 c5 2.c3 g6 3.d4 cxd4 4.cxd4 d5 5.e5 Bg7 6.Nc3 Nh6 7.Bg5 f6 8.Bxh6 Bxh6
9.Nf3 O-O 10.Qb3 e6 11.Bd3 Nc6 12.Bb5 Na5 13.Qc2 Bd7 14.Bxd7 Qxd7 15.exf6 Rxf6
16.Ne5 Qg7 17.O-O Bf4 18.b4 Nc4 19.Nxc4 dxc4 20.Ne4 Rc8 21.Nxf6+ Qxf6 22.Rad1
Rc7 23.Rfe1 b5 24.g3 Bh6 25.Re5 a6 26.Kg2 Rf7 27.Rde1 Qf3+ 28.Kg1 c3 29.Rxe6
Bd2 30.R1e2 Qd5 31.Re8+ Kg7 32.Rxd2 cxd2 33.Qxd2 h5 34.Qe3 Qf5 35.Qe5+ Kh6
36.Rh8+ Kg5 37.Qe3+ Kf6 38.Ra8 Re7 {#r} 1-0

[Event "5th POL-HUN Open 2017"]
[Site "Katowice POL"]
[Date "2017.05.21"]
[Round "9.3"]
[White "Azarov,S"]
[Black "Socko,M"]
[Result "1-0"]
[WhiteElo "2582"]
[BlackElo "2481"]

1.e4 c5 2.Nf3 Nc6 3.Bb5 g6 4.Bxc6 bxc6 5.O-O Bg7 6.Re1 Nh6 7.h3 O-O 8.c3 f5
9.e5 c4 10.Qa4 a5 11.Qxc4+ Kh8 12.Qh4 e6 13.Qxd8 Rxd8 14.d3 Nf7 15.Ng5 Kg8
16.Nxf7 Kxf7 17.Bg5 Re8 18.Na3 Ba6 19.Nc4 Bxc4 20.dxc4 h6 21.Bd2 a4 22.f4 Reb8
23.Rab1 Rb7 24.Be3 Rab8 25.Re2 Bf8 26.Kf2 Ba3 27.Bc1 Bc5+ 28.Kf3 h5 29.Rd2 Ke7
30.Rd3 Ke8 31.Ke2 Ba3 32.b4 Bxc1 33.Rxc1 Ke7 34.h4 Ra8 35.Kd2 Raa7 36.Kc2 a3
37.Kb3 c5 38.Rd6 Ra8 39.b5 Raa7 40.Kc2 Ra4 41.Kd3 Rb8 42.Rb1 Kd8 43.b6 Rb7
44.Rb5 Ra6 45.Kc2 Ke7 46.Kb3 Kd8 47.g3 Ke7 48.Rxc5 Rbxb6+ 49.Rxb6 Rxb6+ 50.Rb5
Ra6 51.c5 Ra8 52.Rb7 Ra6 53.Kb4 Kd8 54.Kb5 Ra8 55.c6 dxc6+ 56.Kxc6 Ra6+ 57.Rb6
Ra4 58.Kd6 Kc8 59.Kxe6 Rc4 60.Kd5 Re4 61.Rxg6 Re2 62.Ra6 Rxa2 63.Ke6 Kb7
64.Ra4 Kc6 65.Kxf5 Ra1 66.e6 a2 67.Kf6 Kd6 68.Ra6+ {#r} 1-0

[Event "5th POL-HUN Open 2017"]
[Site "Katowice POL"]
[Date "2017.05.21"]
[Round "9.4"]
[White "Gumularz,Szymon"]
[Black "Sadzikowski,D"]
[Result "1-0"]
[WhiteElo "2391"]
[BlackElo "2548"]

1.e4 e5 2.Nc3 Nf6 3.g3 Bc5 4.Bg2 d6 5.d3 a5 6.Nge2 h5 7.h3 h4 8.g4 Bxg4 9.hxg4
Nxg4 10.d4 exd4 11.Nxd4 Nxf2 12.Kxf2 Qf6+ 13.Qf3 Bxd4+ 14.Ke2 Bxc3 15.bxc3 Qe7
16.Rb1 Nc6 17.Rxb7 Ne5 18.Qf4 Kd7 19.Bh3+ Kc6 20.Rb1 Rab8 21.Be3 f6 22.Qf5
Rbe8 23.Kd2 Qf7 24.Bf1 Rb8 25.Ba6 g5 26.c4 Nxc4+ 27.Ke2 Ne5 28.c4 Rb4 29.a3
Rxb1 30.Rxb1 d5 31.Bb7+ Kd6 32.Bxd5 Qh5+ 33.Kd2 {#r} 1-0

[Event "5th POL-HUN Open 2017"]
[Site "Katowice POL"]
[Date "2017.05.21"]
[Round "9.5"]
[White "Klekowski,M"]
[Black "Przedmojski,R"]
[Result "1-0"]
[WhiteElo "2473"]
[BlackElo "2355"]

1.c4 e6 2.Nf3 d5 3.g3 c6 4.Qc2 Nf6 5.Bg2 Nbd7 6.d4 b6 7.O-O Bb7 8.Nc3 Rc8
9.Rd1 Bb4 10.a3 Bxc3 11.Qxc3 Qe7 12.b3 O-O 13.Bb2 Rfd8 14.Qe3 c5 15.dxc5 Nxc5
16.Nd4 Rd7 17.Rac1 dxc4 18.Bxb7 Nxb7 19.bxc4 Nc5 20.Nf3 Rcd8 21.Rxd7 Qxd7
22.Bd4 Nfe4 23.Kg2 f6 24.Rc2 e5 25.Bxc5 Nxc5 26.Rd2 Qc7 27.Rd5 Rxd5 28.cxd5 e4
29.Nd4 Qe5 30.Nc6 Qc7 31.Qd4 Kf7 32.f3 exf3+ 33.Kxf3 Qd7 34.Kg2 Qe8 35.Kf3 Qd7
36.g4 h5 37.h3 hxg4+ 38.hxg4 Qe8 39.Qf4 Kg6 40.Qf5+ Kf7 41.g5 Kg8 42.gxf6 gxf6
43.Qxf6 Qh5+ 44.Ke3 Qh3+ 45.Qf3 Qh6+ 46.Kd4 Qg7+ 47.Ne5 Qg1+ 48.Kc4 Qc1+
49.Qc3 Qf4+ 50.Qd4 Qc1+ 51.Kb5 Qxa3 52.Qg4+ Kf8 53.Qf5+ Ke7 54.Qf7+ Kd8
55.Nc6+ Kc8 56.Qe8+ Kc7 57.Qd8+ {#r} 1-0

[Event "5th POL-HUN Open 2017"]
[Site "Katowice POL"]
[Date "2017.05.21"]
[Round "9.6"]
[White "Budrewicz,K"]
[Black "Pakleza,Z"]
[Result "0-1"]
[WhiteElo "2190"]
[BlackElo "2480"]

1.d4 d6 2.c4 e5 3.Nf3 exd4 4.Nxd4 g6 5.g3 Bg7 6.Bg2 Ne7 7.Nc3 O-O 8.O-O Nd7
9.e4 Nc6 10.Be3 Nde5 11.Nxc6 bxc6 12.b3 Nxc4 13.bxc4 Bxc3 14.Rc1 Bg7 15.c5 Ba6
16.Re1 Qd7 17.Qd2 Rfd8 18.Red1 Rab8 19.Bg5 f6 20.Bf4 g5 21.Be3 h6 22.Qa5 Qc8
23.cxd6 cxd6 24.Bxa7 Ra8 25.Qb6 Bb5 26.Qe3 Qe6 27.Bb6 Rd7 28.a3 Ra4 29.Bd4 c5
30.Bb2 Bc6 31.Re1 Rb7 32.Qd2 Bf8 33.Rc3 Rd4 34.Qc1 Rb8 35.Ba1 Ra4 36.Qc2 d5
37.e5 fxe5 38.Rxc5 Bxc5 39.Qxc5 e4 40.Qc3 d4 41.Qd2 Qe5 42.Rc1 Bd5 43.Qd1 Rba8
44.Qh5 Qf6 45.Rc7 Bf7 46.Qd1 Qe5 47.Rd7 Rxa3 48.Bb2 Rd3 49.Qe1 Re8 50.Bf1 Qb5
51.Bxd3 Qxd7 52.Bf1 e3 53.fxe3 Rxe3 54.Qd2 Rb3 55.Bxd4 Rb1 56.Qc3 Qf5 57.Bf2
h5 58.Qc6 Kh7 59.Qc3 Qb5 60.Qc2+ Bg6 61.Qc7+ Kh6 {#R} 0-1

[Event "5th POL-HUN Open 2017"]
[Site "Katowice POL"]
[Date "2017.05.21"]
[Round "9.7"]
[White "Gdanski,J"]
[Black "Piotrowski,P"]
[Result "1-0"]
[WhiteElo "2474"]
[BlackElo "2335"]

1.e4 c5 2.Nc3 Nc6 3.Nf3 d6 4.d4 cxd4 5.Nxd4 Nf6 6.Bc4 e6 7.Be3 a6 8.Bb3 Qc7
9.Qe2 Na5 10.g4 b5 11.f3 Bb7 12.g5 Nxb3 13.cxb3 Nd7 14.Rc1 Qa5 15.Kf2 Be7
16.h4 Rc8 17.a3 b4 18.axb4 Qxb4 19.Ra1 d5 20.exd5 Bxd5 21.Nxd5 exd5 22.Nf5 Rc6
23.Nxg7+ Kf8 24.Nf5 Re6 25.Rxa6 Nb8 26.Ra8 Re5 27.Qd3 Qb7 28.Ra7 Qc8 29.Nxe7
Rxe7 30.Rc1 Qxc1 31.Bxc1 Rxa7 32.Qd4 {#r} 1-0

[Event "5th POL-HUN Open 2017"]
[Site "Katowice POL"]
[Date "2017.05.21"]
[Round "9.8"]
[White "Barski,R"]
[Black "Lewtak,Da"]
[Result "0-1"]
[WhiteElo "2412"]
[BlackElo "2319"]

1.e4 c5 2.Nf3 d6 3.d4 cxd4 4.Nxd4 Nf6 5.Nc3 Bd7 6.Bg5 e6 7.Qd2 a6 8.O-O-O b5
9.f3 Nc6 10.Nxc6 Bxc6 11.Ne2 h6 12.Be3 Qc7 13.Nd4 Bd7 14.g4 e5 15.Nf5 d5
16.exd5 Bxf5 17.gxf5 Rd8 18.Bg2 Nxd5 19.f4 Bb4 20.Qe2 O-O 21.Bxd5 exf4 22.Bf2
Rfe8 23.Qf3 a5 24.Rhg1 Rc8 25.c3 Bxc3 26.bxc3 Re3 27.Rd3 Rxf3 28.Bxf3 Qc4
29.Rgd1 Qxa2 30.Rd8+ Rxd8 31.Rxd8+ Kh7 32.Bd4 b4 33.cxb4 Qa3+ 34.Kc2 Qxf3
35.bxa5 Qe2+ 36.Kc3 f3 37.Rd7 Qa2 {#R} 0-1

[Event "5th POL-HUN Open 2017"]
[Site "Katowice POL"]
[Date "2017.05.21"]
[Round "9.9"]
[White "Bednarek,S"]
[Black "Dziodzio,A"]
[Result "1-0"]
[WhiteElo "2309"]
[BlackElo "2080"]

1.d4 Nf6 2.Bg5 Ne4 3.Bh4 g5 4.f3 gxh4 5.fxe4 d5 6.exd5 Qxd5 7.Nc3 Qa5 8.Nf3
Qh5 9.Qd3 c6 10.O-O-O Bh6+ 11.Kb1 Na6 12.Qe4 h3 13.g3 Bf5 14.Qh4 Qxh4 15.Nxh4
Bg4 16.Ne4 Rd8 17.Nf2 f5 18.Bxh3 Bxh3 19.Nxh3 e6 20.Nf4 Nc7 21.e4 fxe4 22.Rhe1
Bxf4 23.gxf4 Nd5 24.Rxe4 Kd7 25.Rde1 Rdf8 26.Rxe6 Rxf4 27.Rh6 Rxd4 28.Ng6 Rg8
29.Rxh7+ Kd6 30.Rh6 Kc5 31.a3 a5 32.h4 b5 33.Ne5 b4 34.Rxc6+ Kb5 35.a4+ Kxa4
36.Rc5 Ra8 37.Nc4 b3 38.c3 Rxh4 39.Kc1 Ra6 40.Re5 Rh1+ 41.Kd2 Rh2+ 42.Ke1 Rh1+
43.Kf2 Rhh6 44.Rcxd5 Rhf6+ 45.Ke3 {#r} 1-0

[Event "5th POL-HUN Open 2017"]
[Site "Katowice POL"]
[Date "2017.05.21"]
[Round "9.10"]
[White "Kumala,A"]
[Black "Nasuta,G"]
[Result "0-1"]
[WhiteElo "2224"]
[BlackElo "2454"]

1.e4 c5 2.b3 d5 3.exd5 Qxd5 4.Nc3 Qd8 5.Bb2 Nf6 6.Nf3 Nc6 7.Qe2 e6 8.O-O-O Be7
9.g4 O-O 10.g5 Nd5 11.h4 Nd4 12.Nxd4 cxd4 13.Nxd5 Qxd5 14.Rg1 Rd8 15.f4 a5
16.a4 b6 17.Bg2 Qc5 18.d3 Ra7 19.h5 b5 20.g6 fxg6 21.hxg6 h6 22.Bh3 Ra6
23.axb5 Qxb5 24.Qe5 Qxe5 25.fxe5 a4 26.bxa4 Ra5 27.Rde1 Bg5+ 28.Kd1 Be3
29.Rxe3 dxe3 30.Re1 Rxa4 31.Rxe3 Rb4 32.Ba3 Rb1+ 33.Bc1 Rf8 34.Re2 Rf3 35.Bg2
Rg3 36.c4 Rxg6 37.Kc2 Rb8 38.Kc3 Bb7 39.Bh3 Rf8 40.Rb2 Be4 41.Kd4 Bxd3 42.Kxd3
Rg3+ 43.Kd4 Rxh3 44.Kc5 Rc3 45.Bd2 Rc8+ 46.Kd6 R3xc4 47.Kxe6 Rc2 48.Rxc2 Rxc2
49.Bb4 h5 50.Kd7 h4 51.e6 Re2 52.Bd6 h3 53.e7 Kf7 {#R} 0-1

[Event "5th POL-HUN Open 2017"]
[Site "Katowice POL"]
[Date "2017.05.21"]
[Round "9.12"]
[White "Woloch,Oskar"]
[Black "Jakubiec,A"]
[Result "1-0"]
[WhiteElo "2226"]
[BlackElo "2500"]

1.d4 f5 2.c4 Nf6 3.Nc3 d6 4.Bg5 Nbd7 5.e3 g6 6.Bxf6 Nxf6 7.Nf3 Bg7 8.g3 O-O
9.Bg2 c6 10.O-O Qe8 11.d5 c5 12.Ng5 Rb8 13.Nb5 Qd8 14.Nxa7 h6 15.Nxc8 hxg5
16.Na7 g4 17.Nb5 Nd7 18.Qe2 Ne5 19.h4 Rc8 20.Rab1 Qe8 21.b4 b6 22.bxc5 bxc5
23.Na7 Rc7 24.Nc6 Qa8 25.Rb6 Qa4 26.Rc1 Ra8 27.Rc2 Kf7 28.e4 Nf3+ 29.Bxf3 gxf3
30.Qd3 f4 31.Rb3 fxg3 32.Qxf3+ Bf6 33.fxg3 Kg7 34.Qg4 Rh8 35.Kg2 Qa6 36.Qe6
Rf8 37.Qg4 Rh8 38.Qe2 Rf8 39.Rf3 Rh8 40.e5 dxe5 41.Nxe5 Qd6 42.Nd3 Rb7 43.Nf4
Rhb8 44.Qe4 Rb2 45.Qxg6+ Kh8 46.Rff2 Rxc2 47.Rxc2 Qe5 48.Qh5+ Qxh5 49.Nxh5 Bd4
50.Nf4 Kg8 51.Ne6 Be5 52.Nxc5 Ra8 53.Nb3 Kf7 54.Kf3 Ke8 55.g4 Kd7 56.Ke4 Bc7
57.Nd4 Ra3 58.c5 Rg3 59.c6+ Kc8 60.Kf5 Rd3 61.Rc4 Bb6 62.Ke4 Rg3 63.Kf4 Rd3
64.Nf5 Kd8 65.Ke5 Rd1 66.Ke6 Ke8 67.Re4 Bc7 68.Nxe7 {#r} 1-0

[Event "5th POL-HUN Open 2017"]
[Site "Katowice POL"]
[Date "2017.05.21"]
[Round "9.13"]
[White "Kanarek,M"]
[Black "Kowalczyk,Mariu"]
[Result "1-0"]
[WhiteElo "2519"]
[BlackElo "2038"]

1.e4 e5 2.Nf3 Nc6 3.Bb5 a6 4.Ba4 Nf6 5.O-O b5 6.Bb3 Be7 7.Re1 d6 8.c3 O-O 9.h3
Nd7 10.d4 Bf6 11.d5 Na5 12.Bc2 Bb7 13.Nbd2 Qe7 14.b4 Nc4 15.Nxc4 bxc4 16.Nd2
Nb6 17.Qe2 c6 18.Nxc4 Nxc4 19.Qxc4 Rfc8 20.Qd3 cxd5 21.exd5 Qc7 22.Bd2 g6
23.Bb3 a5 24.bxa5 Qxa5 25.c4 Qa3 26.Rac1 Ba6 27.Qc3 Qc5 28.Be3 Qc7 29.c5 dxc5
30.Qxc5 Qd7 31.Qb6 Bd8 32.Rxc8 Bxc8 33.Qc6 Ra6 34.Qxd7 Bxd7 35.Bc5 Bf6 36.Bb4
Kg7 37.Bc3 {#r} 1-0

[Event "5th POL-HUN Open 2017"]
[Site "Katowice POL"]
[Date "2017.05.21"]
[Round "9.14"]
[White "Piesik,P"]
[Black "Renkowski,P"]
[Result "1-0"]
[WhiteElo "2337"]
[BlackElo "2096"]

1.Nf3 d6 2.d4 Nc6 3.g3 e5 4.dxe5 Nxe5 5.Nxe5 dxe5 6.Nd2 Nf6 7.Bg2 Bc5 8.e4 Bg4
9.Bf3 h5 10.h4 Qd7 11.Qe2 O-O-O 12.Nb3 Bb6 13.Bg5 Qc6 14.Bxg4+ Nxg4 15.f3 f6
16.Bd2 Nh6 17.O-O-O Nf7 18.Bb4 Rxd1+ 19.Rxd1 Rd8 20.Rxd8+ Nxd8 21.f4 exf4
22.gxf4 Qe6 23.f5 Qe5 24.a4 Qf4+ 25.Kb1 Qxh4 26.a5 Bf2 27.a6 b6 28.Bf8 Qg3
29.Qxh5 Qg1+ 30.Ka2 Qf1 31.Qf3 Qxa6+ 32.Kb1 Qf1+ 33.Ka2 Qa6+ 34.Ba3 Be1 35.e5
fxe5 36.Qa8+ Kd7 37.Qd5+ Kc8 38.Qxe5 Qf1 39.Nd4 Bh4 40.Qd5 Bf6 41.Ne6 Qe1
42.Nf8 Qe5 43.Qa8# 1-0

[Event "5th POL-HUN Open 2017"]
[Site "Katowice POL"]
[Date "2017.05.21"]
[Round "9.17"]
[White "Lis,Mateusz"]
[Black "Dors,R"]
[Result "1-0"]
[WhiteElo "2139"]
[BlackElo "2154"]

1.e4 c6 2.d4 d5 3.e5 Bf5 4.Nf3 e6 5.Be2 Nd7 6.O-O Ne7 7.Be3 Bg6 8.Nbd2 Nf5
9.Rc1 Be7 10.c4 O-O 11.a3 Nxe3 12.fxe3 f6 13.cxd5 cxd5 14.exf6 Bxf6 15.Nb3 Qb6
16.Bd3 Bxd3 17.Qxd3 Rac8 18.h3 Rc6 19.Rxc6 bxc6 20.Nfd2 c5 21.dxc5 Nxc5
22.Nxc5 Qxc5 23.b4 Qb6 24.Kh1 Rc8 25.e4 Rc3 26.Qe2 d4 27.e5 Re3 28.Qh5 Qb5
29.Qg4 Rxe5 30.Rxf6 Re1+ 31.Kh2 Qe5+ 32.Rf4 h5 33.Qg3 h4 34.Qg4 Re3 35.Nf3
Rxf3 36.Qxf3 g5 37.Qa8+ Kh7 38.Qe4+ {#r} 1-0

[Event "5th POL-HUN Open 2017"]
[Site "Katowice POL"]
[Date "2017.05.21"]
[Round "9.19"]
[White "Dmochowska,A"]
[Black "Flasinski,M"]
[Result "1-0"]
[WhiteElo "2138"]
[BlackElo "2205"]

1.e4 c6 2.c4 d5 3.exd5 cxd5 4.cxd5 Nf6 5.Nf3 Nxd5 6.Nc3 Nc6 7.Bc4 e6 8.d4 Bb4
9.Qd3 O-O 10.O-O Be7 11.Re1 Bf6 12.Be3 Nxe3 13.fxe3 Bd7 14.Rad1 Qa5 15.Bb3
Rad8 16.Ne4 Be7 17.Bc2 g6 18.Bb3 Bc8 19.Qc2 Nb4 20.Qf2 Qf5 21.Ng3 Qb5 22.Ne5
a5 23.Bc4 Qb6 24.a3 Nc6 25.Ng4 f5 26.Ne5 Nxe5 27.dxe5 Qc7 28.Ba2 Qxe5 29.Qe2
Bc5 30.Rxd8 Rxd8 31.Nf1 Kg7 32.Kh1 b6 33.Rd1 Rxd1 34.Qxd1 Qxb2 35.Bc4 Be7
36.a4 Bb7 37.Be2 Bd5 38.Nd2 Qc3 39.Nf3 Qxe3 {#r} 1-0

[Event "5th POL-HUN Open 2017"]
[Site "Katowice POL"]
[Date "2017.05.21"]
[Round "9.21"]
[White "Zochowski,K"]
[Black "Szczurek,Krzysztof"]
[Result "0-1"]
[WhiteElo "2259"]
[BlackElo "2068"]

1.e4 c5 2.Nf3 d6 3.d4 cxd4 4.Nxd4 Nf6 5.Nc3 a6 6.f4 e5 7.Nf3 exf4 8.Bxf4 Nc6
9.Bd3 Be7 10.O-O Be6 11.Kh1 Qb6 12.Rb1 h6 13.Qe1 O-O-O 14.b4 Kd7 15.b5 axb5
16.Nxb5 Qa5 17.Bd2 Qa8 18.Nbd4 Ng4 19.Bb5 Bf6 20.h3 Ne5 21.Nxe5+ Bxe5 22.Nxe6
fxe6 23.Rf7+ Ke8 24.Qf1 Qc8 25.Qf3 Rd7 26.Rf1 Bf6 27.Rxf6 gxf6 28.Qxf6 Rdh7
29.Bc3 Rg8 30.Bc4 Re7 31.Qf4 Na7 32.Bf6 Rf7 33.Qxd6 Rg6 34.e5 Rgxf6 35.Rxf6
Re7 36.Rxe6 Nc6 37.Rxh6 {#R} 0-1

[Event "5th POL-HUN Open 2017"]
[Site "Katowice POL"]
[Date "2017.05.21"]
[Round "9.25"]
[White "Kubicka,Anna"]
[Black "Tworzydlo,P"]
[Result "0-1"]
[WhiteElo "2190"]
[BlackElo "2165"]

1.e4 d6 2.d4 Nf6 3.Nc3 g6 4.f4 Bg7 5.Nf3 a6 6.a4 O-O 7.Bd3 Nc6 8.O-O Bg4 9.Be3
Rb8 10.a5 e5 11.fxe5 dxe5 12.d5 Nd4 13.Ne2 Nxf3+ 14.gxf3 Bh3 15.Rf2 Nh5 16.Kh1
Qh4 17.Qg1 Nf4 18.Bxf4 exf4 19.c3 Rfe8 20.Qe1 Re5 21.Ng1 Bd7 22.Rg2 Qh6 23.b4
Rh5 24.Rb1 c6 25.dxc6 Bxc6 26.c4 Rd8 27.Qe2 Bd4 28.b5 Bd7 29.Qc2 Be6 30.Rd1
Rc8 31.Qe2 Rhc5 32.bxa6 bxa6 33.Qa2 Qh5 34.Be2 Rxa5 35.Qb3 Be3 36.Qb2 Rac5
37.Qf6 Qe5 38.Qh4 a5 39.Bf1 Bxg1 40.Rxg1 Bxc4 41.Bxc4 Rxc4 42.Rd5 Qb2 43.Qxf4
Rc1 44.Rdd1 Rxd1 45.Rxd1 Kg7 46.e5 Rc6 47.Re1 Qf2 48.Rg1 a4 49.Qe4 Rc2 50.Qf4
Kg8 51.e6 fxe6 52.Qb8+ Kg7 53.Qe5+ Kf7 54.Qf4+ Kg8 55.Qb8+ Kg7 56.Qe5+ Kf7
57.Qf4+ Ke7 58.Qb4+ Qc5 59.Qxa4 Qc6 60.Qh4+ Kf8 61.Qf4+ Kg8 62.Qf6 Rc1 63.Rxc1
Qxc1+ 64.Kg2 Qc2+ 65.Kg1 Qc5+ 66.Kg2 Qd5 67.Qe7 Qf5 68.Qe8+ Kg7 69.Qe7+ Kh6
70.Qh4+ Qh5 71.Qe4 Qg5+ 72.Kf1 Qc1+ 73.Kg2 Qd2+ 74.Kg1 Qg5+ 75.Kf1 e5 76.Qe2
Qf4 77.Kg1 Qd4+ 78.Kf1 Kg5 79.Kg2 Kf4 80.Qa2 Kg5 81.Qc2 h5 82.Qc1+ Qf4 83.Qc2
h4 84.Qd3 Qd4 85.Qc2 Qe3 86.Qd1 Kh6 87.Qf1 e4 88.h3 Qd2+ 89.Qf2 e3 {#R} 0-1

[Event "5th POL-HUN Open 2017"]
[Site "Katowice POL"]
[Date "2017.05.21"]
[Round "9.26"]
[White "Oglaza,Oskar"]
[Black "Bus,Konrad"]
[Result "0-1"]
[WhiteElo "2197"]
[BlackElo "2229"]

1.e4 c6 2.d4 d5 3.e5 Bf5 4.Nc3 e6 5.g4 Bg6 6.Nge2 h5 7.Nf4 Bh7 8.Nxh5 c5 9.Be3
cxd4 10.Bxd4 Nc6 11.Bb5 Ne7 12.Qd2 a6 13.Bxc6+ Nxc6 14.O-O-O Rc8 15.f4 Nxd4
16.Qxd4 Qa5 17.f5 Rc4 18.fxe6 Rxd4 19.exf7+ Kxf7 20.Rxd4 Be4 21.Rf1+ Kg8
22.Nxe4 dxe4 23.Rxe4 Qxa2 24.Rf3 Be7 25.Rc3 Qa1+ 26.Kd2 Kh7 27.Nf4 Rd8+ 28.Ke3
Qc1+ 29.Kf3 Rf8 {#R} 0-1

[Event "5th POL-HUN Open 2017"]
[Site "Katowice POL"]
[Date "2017.05.21"]
[Round "9.28"]
[White "Brylski,P"]
[Black "Masternak,A"]
[Result "0-1"]
[WhiteElo "2038"]
[BlackElo "2188"]

1.e4 e5 2.Nf3 Nc6 3.Bc4 Bc5 4.c3 Nf6 5.d4 exd4 6.cxd4 Bb4+ 7.Bd2 Bxd2+ 8.Nbxd2
d5 9.exd5 Nxd5 10.Qb3 Nce7 11.O-O O-O 12.Rfe1 c6 13.Re5 Qb6 14.Qc2 Ng6 15.Ng5
Qxd4 16.Ndf3 Qf4 17.g3 Qf6 18.Qd3 Bg4 19.Nxh7 Qxf3 20.Rxd5 cxd5 21.Qxd5 Qxd5
22.Bxd5 Kxh7 {#R} 0-1

[Event "5th POL-HUN Open 2017"]
[Site "Katowice POL"]
[Date "2017.05.21"]
[Round "9.33"]
[White "Czernek,Tymon"]
[Black "Przezdziecka,E"]
[Result "0-1"]
[WhiteElo "2012"]
[BlackElo "2183"]

1.Nf3 Nf6 2.d4 g6 3.c4 Bg7 4.Nc3 d5 5.cxd5 Nxd5 6.e4 Nxc3 7.bxc3 O-O 8.Bc4 c5
9.O-O Qc7 10.Bb3 Bg4 11.h3 Bxf3 12.Qxf3 cxd4 13.cxd4 Bxd4 14.Bf4 Qc3 15.Qxc3
Bxc3 16.Rac1 Ba5 17.Bd5 Nc6 18.Bxc6 bxc6 19.Rxc6 Rfd8 20.Bc7 Bxc7 21.Rxc7 Rd2
22.Ra1 Kf8 23.Rb7 a5 24.a4 Re2 25.f3 Rc8 26.Rb5 Rcc2 27.Rxa5 Rxg2+ 28.Kh1 Rh2+
29.Kg1 Rxh3 30.Ra8+ Kg7 31.a5 Rxf3 32.a6 Rff2 33.a7 Rg2+ 34.Kh1 Rh2+ 35.Kg1
Rcg2+ 36.Kf1 Ra2 37.Kg1 Rhe2 38.Kf1 Rh2 39.Kg1 Rxa1+ 40.Kxh2 Ra3 41.Kg2 h5
42.e5 g5 43.Kh2 f5 44.exf6+ exf6 45.Kg2 f5 46.Kh2 h4 47.Kg2 g4 48.Kf2 Ra2+
49.Kg1 h3 50.Rc8 Rxa7 51.Rc5 Kg6 52.Rc6+ Kg5 53.Rc8 g3 54.Rg8+ Kf4 55.Kf1 h2
56.Rh8 Ra1+ 57.Kg2 Rg1+ 58.Kh3 h1=Q# 0-1